Statistics for UK Flavours of Jelly Beans

Click here to take the quiz!

General Stats

  • This quiz has been taken 95 times
  • The average score is 18 of 50

Answer Stats

Flavour % Correct
Green Apple
92%
Red Apple
91%
Lemon Drop
87%
Sunkist Lemon
87%
Lemon Lime
79%
Orange Sherbet
79%
Sunkist Orange
79%
Sunkist Lime
79%
Sour Cherry
73%
Top Banana
69%
Raspberry
65%
Blueberry
60%
Watermelon
55%
Wild Blackberry
53%
Peach
52%
Crushed Pineapple
47%
Juicy Pear
47%
Coconut
45%
Chili Mango
45%
Mango
45%
Kiwi
42%
Plum
33%
Bubble Gum
33%
Mixed Berry Smoothie
29%
Sunkist Tangerine
26%
Cinnamon
22%
Sizzling Cinnamon
22%
Cotton Candy
21%
Sunkist Pink Grapefruit
21%
Toasted Marshmallow
19%
Licorice
16%
Strawberry Jam
14%
Cream Soda
14%
Root Beer
14%
Pina Colada
13%
Pomegranate
12%
Chocolate Pudding
9%
Strawberry Cheesecake
8%
Strawberry Daiquiri
7%
Cappuccino
6%
Buttered Popcorn
6%
Island Punch
5%
Dr Pepper
5%
Caramel Corn
5%
Cantaloupe
5%
Very Cherry
5%
Tutti-Fruitti
4%
Berry Blue
4%
Margarita
4%
French Vanilla
0%

Score Distribution

Percentile by Number Answered

Percent of People with Each Score

Your Score History

You have not taken this quiz